000 00631nam a22002177a 4500
003 OSt
005 20181203151938.0
008 181203b xxu||||| |||| 00| 0 eng d
020 _a9780702026041
020 _a0702027502
040 _cDNLM
082 _aWB600 V64o 2000
100 _aOtto M. Radostits [et...al]
_912761
245 _aVeterinary Medicine: a textbook of the diseases of cattle, sheep, pigs, goats and horses
250 _a9th ed.
260 _aUK; WB Saunders, 2000
300 _axxvii,1877p; ill: 27cm
504 _aAppendices, & index included
650 _aVeterinary medicine
_912762
942 _2z
_cSLOAN
999 _c6189
_d6189